书目信息 |
| 题名: |
新要求大学英语综合教程
|
|
| 作者: | 戈姆, 编 | |
| 分册: | 第3册 教师手册 | |
| 出版信息: | 上海 外语教育出版社 2005.08 |
|
| 页数: | 128页 | |
| 开本: | 30cm | |
| 丛书名: | ||
| 单 册: | ||
| 中图分类: | H31 | |
| 科图分类: | ||
| 主题词: | 英语--ying yu--高等学校--教学参考资料 | |
| 电子资源: | ||
| ISBN: | 7-81095-512-8 | |
| 000 | 00905nam0 2200253 450 | |
| 001 | 012006336000 | |
| 005 | 20060921100019.87 | |
| 010 | @a7-81095-512-8@dCNY24.00 (含光盘) | |
| 100 | @a20060705d2005 km y0chiy0120 ea | |
| 101 | 0 | @aeng |
| 102 | @aCN@b310000 | |
| 105 | @ay z 000yy | |
| 200 | 1 | @a新要求大学英语综合教程@Axin yao qiu da xue ying yu zong he jiao cheng@d= Inside out@h第3册@i教师手册@zeng |
| 210 | @a上海@c外语教育出版社@d2005.08 | |
| 215 | @a128页@d30cm@e光盘1片 | |
| 314 | @a责任者取自版权页。 | |
| 330 | @a本系列教材由我社从麦克米伦出版社引进改编后出版,该套教材适合高校非英语专业学生使用。本书为综合教程第三册的教师用书。 | |
| 510 | 1 | @aInside out@zeng |
| 517 | 1 | @a教师手册@Ajiao shi shou ce |
| 606 | 0 | @a英语@Aying yu@x高等学校@j教学参考资料 |
| 690 | @aH31@v4 | |
| 701 | 1 | @a戈姆,@Age mu,@bH.@g(Gomm, H.)@4编 |
| 801 | 0 | @aCN@bQSSK@c20060921 |
| 905 | @a10447@dH31@eG238:3 | |
| 新要求大学英语综合教程= Inside out.第3册.教师手册.-上海:外语教育出版社,2005.08 |
| 128页;30cm+光盘1片 |
| ISBN 7-81095-512-8:CNY24.00 (含光盘) |
| 本系列教材由我社从麦克米伦出版社引进改编后出版,该套教材适合高校非英语专业学生使用。本书为综合教程第三册的教师用书。 |
| ● |
| 相关链接 |
|
|
|
正题名:新要求大学英语综合教程
索取号:H31/G238:3
 
预约/预借
| 序号 | 登录号 | 条形码 | 馆藏地/架位号 | 状态 | 备注 |
| 1 | 592805 | 205928059 | 语言库209/209语言库 81排3列1层/ [索取号:H31/G238:3] | 在馆 | |
| 2 | 592806 | 205928068 | 语言库209/209语言库 81排3列1层/ [索取号:H31/G238:3] | 在馆 | |
| 3 | 592807 | 205928077 | 语言库209/209语言库 81排3列1层/ [索取号:H31/G238:3] | 在馆 | |
| 4 | 592808 | 205928086 | 语言库209/209语言库 81排3列1层/ [索取号:H31/G238:3] | 在馆 | |
| 5 | 592809 | 205928095 | 语言库209/209语言库 81排3列1层/ [索取号:H31/G238:3] | 在馆 |